000
00304 a2200145 4500
001
58581
020
_a
040
_c
Anchieta - Pituba
100
_a
Azevedo, Artur
240
1
0
_a
Contos escolhidos
_l
por
245
1
0
_a
Contos escolhidos
300
_a
158
650
4
_a
Ficção brasileira
942
_c
BK
999
_c
58581
_d
58581